Top 10 des communes de France par lettre - C - Statistiques

Statistiques générales
  • Ce quiz a été pris 171 fois
  • Le résultat moyen est 6 sur 10
Statistiques - réponses
Région Population Commune % Correct
Normandie 108.398 Caen
93%
Auvergne-Rhône-Alpes 147.751 Clermont-Ferrand
85%
Provence-Alpes-Côte-d'Azur 74.040 Cannes
84%
Hauts-de-France 67.585 Calais
73%
Normandie 78.028 Cherbourg-en-Cotentin
70%
Île-de-France 92.859 Créteil
67%
Île-de-France 69.578 Cergy
50%
Île-de-France 90.692 Colombes
35%
Île-de-France 81.945 Courbevoie
34%
Île-de-France 78.367 Champigny-sur-Marne
20%
Aucun quiz correspondant
Distribution des résultats
% des personnes avec chaque résultat
Percentile par nombre de réponses
Votre historique - résultats
Vous n’avez pas pris ce quiz